000 00802nam a22002537a 4500
999 _c15505
_d15505
003 MIRAKIL
005 20240229134644.0
008 240229b tu ||||| |||| 00| 0 tur d
020 _a9757045063
040 _aTR-AnCHP
_cTR-AnCHP
041 _atur
082 _a956.100491992
_bY25t 2007
090 _a956.100491992 Y25t 2007
100 1 _aYavi, Ersal
_d1943-
245 1 0 _a1856-1923 emperyalizm kıskacında Türkler, Ermeniler, Kürtler /
_cErsal Yavi
250 _a7. bs.
260 _aİzmir :
_bYazıcı Yayınevi,
_c2005
300 _axv, 398 s. :
_bres., hrt. ;
_c21 cm
650 0 _9420
_aErmeniler
_xTarih
650 0 _95116
_aKürtler
650 0 _97615
_aAzınlıklar
856 _zDijital Nüshası için Partimizin Kütüphane Sorumlusu ile iletişime geçiniz.
942 _2ddc
_cBKS